| 000 | 01249 a2200229 4500 | ||
|---|---|---|---|
| 003 | Nust | ||
| 005 | 20170207153248.0 | ||
| 010 | _a 00034880 | ||
| 020 | _a0072321059 (alk. paper) | ||
| 020 | _a0072522615 (alk. paper : another printing) | ||
| 040 | _cNust | ||
| 082 | 0 | 0 | _a621.3822 |
| 100 | 1 | _aMitra, Sanjit Kumar. | |
| 245 | 1 | 0 |
_aDigital signal processing : _ba computer-based approach / _cSanjit K. Mitra. |
| 250 | _a2nd ed. | ||
| 260 |
_aBoston : _bMcGraw-Hill/Irwin, _c2001. |
||
| 300 |
_axviii, 866 p. : _bill. ; _c24 cm. |
||
| 440 | 0 | _aMcGraw-Hill series in electrical and computer engineering | |
| 505 | _aSignals and Signal Processing (Page-1), Discrete-Time Signals and Systems in the Time-Domain (Page-41), Discrete-Time Signals in the Transform-Domain (Page-117), LTI Discrete-Time Systems in the Transform-Domain (Page-203), Digital Processing of Continuous-Time Signals (Page-299), Digital Filter Structures (Page-359), Digital Filter Design (Page-423), DSP Algorithm Implementation (Page-515), Analysis of Finite Wordlength Effects (Page-583), Multirate Digital Signal Processing (Page-359), Applications of Digital Signal Processing (Page-753). | ||
| 538 | _aAlmirah No.37, Shelf No.6 | ||
| 650 | 0 | _aTelecommunication Engineering. | |
| 942 |
_2ddc _cBK |
||
| 999 |
_c182708 _d182708 |
||